| 000 | 00736nam a22002177a 4500 | ||
|---|---|---|---|
| 005 | 20241211155740.0 | ||
| 010 | _aDEC24SC ENG-142972 | ||
| 020 |
_a9789358706291 _c350.00 |
||
| 035 | _aEN-126504 | ||
| 037 | _bDBAD | ||
| 082 |
_a000 _21 |
||
| 100 |
_aKeshri, Anil _975012 |
||
| 245 |
_aLucid General Knowledge 2024/ _cBy Anil Keshri |
||
| 250 | _a1 | ||
| 260 |
_aNew Delhi _bS Chand and Company Limited _c2024 |
||
| 270 |
_a A-27, 2nd Floor, Mohan Co-operative Industrial Estate _bNew Delhi _e110044 _minfo@schandpublishing.com _k011-49731800 |
||
| 300 |
_a424p. _c26cm(pb) |
||
| 500 | _aFor every Indian Citizen | NCERT With Important Facts | Maps & Images | ||
| 700 | _975009 | ||
| 942 |
_2ddc _cEN _h000 _mKES _e1 |
||
| 999 |
_c207609 _d207609 |
||